000 01009 a2200217 4500
999 _c6492
_d6492
020 _a9780225668032
050 0 0 _aBS491.2JER 1992
100 _aBrown, Raymond E
_eeditor
245 0 4 _aThe New Jerome biblical commentary /
_cedited by Raymond E. Brown, Joseph A. Fitzmyer, Roland E. Murphy ; with a foreword by Carlo Maria Cardinal Martini.
264 _aLondon:
_bBloomsday.,
_c1992
300 _axlviii, 1484 p., [2] p. of plates :
_bill., col. maps ;
500 _aIncludes bibliographical references (p. 1427-1430) and index.
504 _aIncludes bibliographical references (p. 1427-1430) and index.
650 _aBiblical
_xcommentary
700 1 _aBrown, Raymond E.
_q(Raymond Edward),
_d1928-1998.
700 1 _aFitzmyer, Joseph A.
700 1 _aMurphy, Roland E.
_q(Roland Edmund),
_d1917-2002.
942 _2lcc
_cREF
_h491.2
_iJER
_k1992